Biggest Cities in Pakistan - Statistics

General Stats
  • This quiz has been taken 37 times
  • The average score is 9 of 20
Answer Stats
Population City % Correct
18,868,021 Karachi
100%
1,108,872 Islamabad
96%
13,004,135 Lahore
96%
3,691,999 Faisalabad
78%
3,357,612 Rawalpindi
78%
1,905,975 Peshawar
74%
1,565,546 Quetta
70%
1,921,275 Hyderabad
63%
2,251,381 Multan
63%
2,511,118 Gujranwala
59%
911,817 Sialkot
26%
574,420 Gujrat
15%
563,851 Sukkur
15%
551,716 Larkana
11%
538,344 Sahiwal
11%
975,886 Sargodha
11%
903,795 Bahawalpur
7%
606,533 Jhang
4%
533,693 Okara
4%
591,424 Sheikhupura
4%
No matching quizzes found
Score Distribution
Percent of People with Each Score
Percentile by Number Answered
Your Score History
You have not taken this quiz